00944nam a2200265 a 4500001001000000003000900010005001700019008003300036020001800069040002500087082002400112100002800136245009100164260004900255300002900304490002300333590002600356650003400382650003500416700003100451910004100482942001200523952012600535999001700661000028683DO-SdBNP20230425084541.0110411s2010 dr a 000 p spa d a9789945460247 aDO-SdBNPbspacBPMSU 4aRD861.44bN576p2221 aNg, Leibi q(Ng, Leiby)10aPoemas del jardín :b¡para leer un chín! /cLeibi Ng ; prólogo Aída Bonnelly. aSanto Domingo :bEditorial Santuario,c2010. a[23 p.] :bil. ;c15 cm.0 aSantuario Infantil 6Inventariado, 2023/VM 4aPoesìa infantil dominicana  4aLiteratura infantil dominicana1 aBonnelly, Aída,epról. aVMateo V. Control de calidad (BPMSU) 2ddccBK 00102ddc40708CI-DaBPMETbBPMETd2023-04-24oBPMSU CDI RD861.44 N576p 2010pBPMSU23040008r2023-04-24w2023-04-24yBK c14381d14381